Podnikateľský model a stratégia spoločnosti Eset s.r.o bakalárska práca

Guardado en:
Detalles Bibliográficos
Autor principal: Krištofová, Martina
Autor Corporativo: Fakulta podnikového manažmentu EU. Katedra informačného manažmentu
Otros Autores: Hanák, Róbert, 1979-
Formato: Libro
Lenguaje:eslovaco
Publicado: Bratislava 2017
Etiquetas: Agregar Etiqueta
Sin Etiquetas, Sea el primero en etiquetar este registro!

MARC

LEADER 00000nbm a2200000 4500
001 0232509
005 20171108113545.6
041 0 |a slo 
044 |a SK 
245 1 0 |a Podnikateľský model a stratégia spoločnosti Eset s.r.o  |b bakalárska práca  |c Martina Krištofová ; školiteľ: Róbert Hanák 
264 1 |a Bratislava  |c 2017 
300 |a 58 s. 
100 1 |a Krištofová, Martina 
700 1 |a Hanák, Róbert, 1979- 
710 2 |a Fakulta podnikového manažmentu EU. Katedra informačného manažmentu